000 00417nam a2200157 i 4500
001 145836
003 ES-MaACL
005 20230906201329.0
007 t|
008 071017s1972 sp ||||1| spa d
100 1 _aVergés, Salvador.
_9114112
245 1 3 _aEl rostro de Dios /
_cS. Vergés, S.J.
260 _aBilbao :
_bMensajero,
_c[1972]
300 _a327 p. ;
_c21 cm.
852 _aES-MaACL
_jC-48024
_bR.83119
999 _c145836
_d145836